000 00220 a2200097 4500
001 26643
100 _aTerman, F.E
245 _aElectronic and radio engineering
260 _a
_bMcGraw-Hill
_c1955
090 _c17936
_d17936
942 _aNUST-CAE
_cM
_c8820
999 _c261716
_d261716